000 00576nam a22001697a 4500
005 20251108171842.0
008 250721s1977 xx 000 0 ara d
082 1 4 _a621.3/أمي
100 1 _aفهمي، أمين
245 1 0 _aمبادئ الهندسة الإلكترونية :
_bمدخل إلى صيانة الراديو و التليفزيون و الترانزستور /
250 _aط3
264 1 _aالقاهرة :
_bمكتبة الهلال،
_c1977.
300 _a124ص
650 1 7 _aالهندسة الإلكترونية
942 _2ddc
_cBK
999 _c64298
_d64298